000 01425cam a2200361 a 4500
003 CHAP
005 20220329142803.0
008 030930d 2000mx abd r 10100 spa d
010 _a87762
011 _a88734
035 _a99279
040 _cCHAP
082 0 4 _a631.4
_bP3
100 0 0 _aPat Fernández, Juan Manuel.
_986140
245 1 0 _aTendencias de cambio en el uso del suelo por los factores socioeconómicos, naturales y técnicos en la región de Calakmul, Campeche:
_bmemoria de avances de investigación
_c/por Juan Manuel Pat Fernández y Victor Manuel Ku Quej
260 _aCampeche, Camp. :
_bEl Colegio de la Frontera Sur,
_c2000.
300 _a157 p. :
_bilus. ; gráfs. ; mapas ; cuadros ; diagrama
590 _aBATCH-UPD
_b10
_c20130109
_lUCH01
_h2357
590 _aBATCH-UPD
_b10
_c20130110
_lUCH01
_h0355
590 _aBATCH-UPD
_b10
_c20130110
_lUCH01
_h2208
590 _aBATCH-UPD
_b10
_c20130409
_lUCH01
_h1931
590 _aBATCH-UPD
_b10
_c20130410
_lUCH01
_h1512
590 _aBATCH-UPD
_b10
_c20130914
_lUCH01
_h1710
590 _aCONVERSION
_b10
_c20130109
_lUCH01
_h1349
650 1 4 _aSuelos
_xCampeche.
_9110227
650 1 4 _aSuelos
_xConservación
_xCampeche.
_9110289
650 1 4 _aSuelos
_xInvestigación.
_9110405
700 0 _aKu Quej, Víctor M.
_964017
901 _aBK
905 _aMarco A. Mendoza T.
942 _cLIBRO
949 _a631.4 P3
_bBC
_cLIBRO
_d33724000926960
_eLIBRO
_h104004
_i99279
_sb
999 _c87762
_d87762